| 000 | 00607nam a2200241Ia 4500 | ||
|---|---|---|---|
| 008 | 140306s9999 xx 000 0 und d | ||
| 020 | _a0 534 20406 6 | ||
| 041 | _aeng | ||
| 082 |
_a519 _bHIL/ST |
||
| 100 | _aHildebrand, David H | ||
| 245 | _aStatistical thinking for managers | ||
| 250 | _a4 | ||
| 260 |
_aNew York _bDurbury Press _c 1998 |
||
| 300 | _a847 | ||
| 365 | _bU.S.D.26 | ||
| 650 | _aestimation | ||
| 650 | _ahypothesis testing | ||
| 650 | _aindexnumbers | ||
| 650 | _alinear regressiom | ||
| 650 | _aprobability distributords | ||
| 700 | _aLyman, Ott R | ||
| 942 |
_2ddc _cBK |
||
| 999 |
_c181673 _d181673 |
||